Nicaragua: deseos de paz /
Relato de varios ex-contras campesinos de la zona norte de Nicaragua que decidieron acogerse a la amnistía decretada por el gobierno Sandinista en 1984. Los desalzados opinaron sobre los motivos que los llevaron a enfilarse en la contra y todos coinciden en que fué el servicio militar obligatorio sa...
Gardado en:
| Autor Principal: | |
|---|---|
| Formato: | Texto |
| Idioma: | Spanish |
| Materias: | |
| Etiquetas: |
Engadir etiqueta
Sen Etiquetas, Sexa o primeiro en etiquetar este rexistro!
|
MARC
| LEADER | 00000 a a2200000 04500 | ||
|---|---|---|---|
| 001 | 12321 | ||
| 003 | cru IIS | ||
| 005 | 20221017105625.0 | ||
| 008 | 221017b |||||||| |||| 00| 0 spa d | ||
| 040 | |c cru IIS | ||
| 100 | |a Pirotte, Olivier | ||
| 245 | |a Nicaragua: |b deseos de paz / |c Olivier Pirotte | ||
| 500 | |a Colección Centroamérica | ||
| 520 | |a Relato de varios ex-contras campesinos de la zona norte de Nicaragua que decidieron acogerse a la amnistía decretada por el gobierno Sandinista en 1984. Los desalzados opinaron sobre los motivos que los llevaron a enfilarse en la contra y todos coinciden en que fué el servicio militar obligatorio sandinista,y la crisis económica. Sobre el nuevo gobierno de Violeta Chamorro, cifran sus esperanzas en que se mejore la situación económica y los dejen trabajar en paz. AR/JM | ||
| 650 | |a SERVICIO MILITAR | ||
| 650 | |a PROBLEMAS POLITICOS | ||
| 650 | |a ASPECTOS POLITICOS | ||
| 650 | |a ELECCIONES | ||
| 650 | |a RECESION ECONOMICA | ||
| 651 | 0 | |9 1861 |a NICARAGUA | |
| 773 | |g volumen 8, número 70; páginas 32-33 | ||
| 773 | 0 | |0 43109 |9 7807 |a Coordinadora Regional de Investigaciones Económicas y Sociales |d Managua, Nicaragua: CRIES, 1982- |o 22390 |t Pensamiento Propio / | |
| 942 | |2 ddc |c PP | ||
| 999 | |c 37554 |d 37554 | ||
